[Event "New Westminster BC Day"]
[Site "New Westminster"]
[Date "2024.08.04"]
[Round "7"]
[White "Xu, Justin"]
[Black "Jiang, Kate Yuhua"]
[Result "1-0"]
[WhiteElo "1807"]
[BlackElo "1968"]
[PlyCount "123"]
[EventDate "2024.08.01"]
[EventType "swiss"]
[EventRounds "9"]
[EventCountry "CAN"]
[SourceTitle "CBM 221 Extra"]
[Source "ChessBase"]
[SourceDate "2024.09.30"]
[SourceVersion "1"]
[SourceVersionDate "2024.09.30"]
[SourceQuality "1"]

1. d4 d5 2. c4 e6 3. Nf3 Nf6 4. g3 c6 5. Bg2 Nbd7 6. 0-0 Be7 7. Qc2 Ne4 8. Rd1 0-0 9. Nc3 f5 10. Ne5 Bb4 11. f3 Nxe5 12. cxd5 Nxc3 13. bxc3 Nc4 14. cxb4 exd5 15. Rb1 b5 16. a4 a5 17. bxa5 Qxa5 18. axb5 cxb5 19. Qb3 Rb8 20. Bf4 Rb7 21. e4 Be6 22. Qb4 Ra8 23. Bf1 Qb6 24. exd5 Bxd5 25. Qc5 Bf7 26. Qxf5 Rd8 27. Qc5 Qxc5 28. dxc5 Rc8 29. c6 Re7 30. c7 g5 31. Rd8+ Re8 32. Bxg5 Rxc7 33. Bxc4 bxc4 34. Rxe8+ Bxe8 35. Kf2 Bg6 36. Rc1 Kf7 37. g4 Ke6 38. f4 Bd3 39. Kf3 Kd5 40. f5 Rc8 41. Kf4 Re8 42. Bf6 Re4+ 43. Kg5 Be2 44. h3 Re3 45. Re1 Ke4 46. Bb2 Kd3 47. f6 Rxh3 48. f7 h6+ 49. Kg6 Kd2 50. Rxe2+ Kxe2 51. f8Q Re3 52. Kxh6 c3 53. Bxc3 Rxc3 54. g5 Rh3+ 55. Kg7 Rc3 56. g6 Ke3 57. Qe7+ Kd3 58. Qd6+ Kc2 59. Kf7 Rf3+ 60. Qf6 Rb3 61. g7 Rb7+ 62. Qe7 1-0